000 00756nam a22001817a 4500
005 20260407111820.0
008 260226b |||||||| |||| 00| 0 eng d
020 _a978-93-54662-45-4
050 _aRA 440.6 .V47 2021
100 _aVERMA , NIKET
245 _aCOMPETENCY BASED 7 LOGBOOK AND CLINICAL MANUAL IN: COMMUNITY MEDICINE FOR FIRST, SECOND AND THIRD PROFESSIONAL MBBS AS PER THE LATEST CBME GUIDELINES/ COMPETENCY BASED UNDERGRADUATE CURRICULUM FOR THE INDIAN MEDICINE GRADUATE
250 _aFIRST EDITION
260 _aNEW DELHI,
_bCBS PUBLISHERS & DISTRIBUTORS PVT LTD,
_c2021.
300 _aX ,166P :ILL
650 _aCOMPETENCY BASED LOGBOOK AND MANUAL IN: COMMUNITY MEDICINE
700 _aAGRAWAL POONAM. JAIN SEEMA
942 _2lcc
_cBK
999 _c216718
_d216718